Windows NT TCP/IP network administration
Αποθηκεύτηκε σε:
| Κύριος συγγραφέας: | |
|---|---|
| Άλλοι συγγραφείς: | |
| Μορφή: | Βιβλίο |
| Γλώσσα: | English |
| Δημοσίευση: |
Beijing :
O'Reilly,
c1998
|
| Θέματα: | |
| Ετικέτες: |
Προσθήκη ετικέτας
Δεν υπάρχουν, Καταχωρήστε ετικέτα πρώτοι!
|
MARC
| LEADER | 00000cam a2200000 i 4500 | ||
|---|---|---|---|
| 001 | 1/7923 | ||
| 008 | 100601s1998 eng d | ||
| 020 | |a 1-56592-377-4 | ||
| 035 | |l 10108055 | ||
| 040 | |a GR-MY-UA |b gre |e aacr | ||
| 041 | 0 | |a eng | |
| 082 | 0 | |a 004.62 | |
| 100 | 1 | |a Hunt, Craig. | |
| 245 | 1 | 0 | |a Windows NT TCP/IP network administration / |c Craig Hunt and Robert Bruce Thompson |
| 260 | |a Beijing : |b O'Reilly, |c c1998 | ||
| 300 | |a xvi, 487 σ.; |b πίν., διαγ.; |c 24 cm. | ||
| 504 | |a Ευρετήριο: σ. 475-487 | ||
| 650 | 0 | 0 | |a TCP/IP (Computer network protocol) |
| 650 | 0 | 0 | |a Computer networks. |
| 700 | 1 | |a Thompson, Robert Bruce. | |
| 852 | |a INST |b CHIOS |e 20100601 |h 004.62 HUN |p 005200029336 |q 005200029336 |t BK |y 0 | ||
| 901 | |a BIBL2-2010-2 | ||
| 909 | |a Χ |b 148206 | ||
| 970 | |a ΣΑΛΑΜΟΥΡΑ |b ΜΑΡΙΑ |z 2010/06/01 | ||